| 000 | 00607nam a22002177a 4500 | ||
|---|---|---|---|
| 005 | 20210922114936.0 | ||
| 008 | 210922b xxu||||| |||| 00| 0 spa d | ||
| 041 | _aeng | ||
| 082 | _aTU 146 | ||
| 100 |
_aOtárola Murillo, Fanny _961483 |
||
| 245 | _aPropuesta para determinar el potencial agroturistico en la zona de Florencia de Turrialba, Cartago | ||
| 260 | _cCosta Rica | ||
| 260 | _c2021 | ||
| 650 |
_aTURISMO _9894 |
||
| 650 |
_aAGROTURISMO _91916 |
||
| 650 |
_aTURISMO NACIONAL _961484 |
||
| 650 |
_aFLORENCIA _961485 |
||
| 650 |
_aTURRIALBA _92458 |
||
| 650 |
_aCARTAGO _91052 |
||
| 942 | _cIP | ||
| 999 |
_c13171 _d13171 |
||